South American Country by Postage Stamp Quiz Stats

 Plays Quiz not verified by Sporcle

Score 0/12 Timer 03:00
0 Plays Today
Image Country % Correct
1Argentina
96.2%
5Uruguay
87.6%
3Paraguay
86.4%
4Suriname
82.7%
7Bolivia
80.5%
11Peru
79.5%
10Ecuador
77.3%
2Guyana
76.9%
9Colombia
75.7%
8Chile
74.4%
12Brazil
73.6%
6Venezuela
71.3%

You're not logged in!

Compare scores with friends on all Sporcle quizzes.
Join for Free
OR
Log In

You Might Also Like...

Show Comments

Extras

Top Quizzes Today


Score Distribution

Your Account Isn't Verified!

In order to create a playlist on Sporcle, you need to verify the email address you used during registration. Go to your Sporcle Settings to finish the process.

Report this User

Report this user for behavior that violates our Community Guidelines.

Details: